000
00308nam a22001337a 4500
003
OSt
005
20231128155241.0
008
231128b |||||||| |||| 00| 0 eng d
040
_c
CO-JMCR
082
_a
N /
_b
ADLc
100
_a
Adlington, Lucy,
_e
autora
_9
43000
245
_a
La cinta roja /
942
_2
ddc
_c
BK
999
_c
30417
_d
16801